000 00658nam a2200205 a 4500
001 000023518
005 20200930022257.0
008 101210s1962 ag a r 000 0 spa d
040 _aDO-SdBNP
_bspa
_cBNPHU
082 _axxxx
_bV598m
245 0 0 _aViajes de Marco Polo /
_ctraducción María Teresa Mayod.
260 _aBuenos Aires, Argentina :
_bEdiciones Selectas S. R. L.,
_c1962.
300 _a338 p. :
_bil. ;
_c20 cm.
490 1 _aClásicos selectos
500 _aIncluye notas al pie de las páginas.
534 _aLa description du monde
700 1 _aMayoe, María Teresa,
_etr.
_948474
830 0 _aClásicos selectos
_927894
049 _aBNGR
999 _c23014
_d23014